NBA All 2000s Team - Statistics

General Stats
  • This quiz has been taken 491 times
  • The average score is 14 of 15
Answer Stats
Position Team Answer % Correct
G Lakers Kobe Bryant
100%
G Heat Dwyane Wade
99%
F Timberwolves Kevin Garnett
99%
C LakersHeat Suns Shaquille O’Neal
99%
G MavericksSuns Steve Nash
99%
F Spurs Tim Duncan
99%
F Mavericks Dirk Nowitzki
98%
F Cavaliers LeBron James
98%
G 76ersNuggets Pistons Grizzlies Allen Iverson
97%
C Magic Dwight Howard
97%
F Celtics Paul Pierce
97%
G SunsNets Mavericks Jason Kidd
95%
F Nuggets Carmelo Anthony
92%
G Raptors MagicRockets Tracy McGrady
91%
C Rockets Yao Ming
91%
No matching quizzes found
Score Distribution
Percent of People with Each Score
Percentile by Number Answered
Your Score History
You have not taken this quiz